| 000 | 01104cam a2200217 4500 | ||
|---|---|---|---|
| 001 | WB3846-02 | ||
| 008 | 021210n2002 000 0 eng u | ||
| 035 | _a(Sirsi) u120719 | ||
| 245 | _aOutput and employment in the construction industry | ||
| 260 | _c2002 | ||
| 490 |
_aDTI Press Release _v 5 December 2002, (2) |
||
| 520 | _aGives various figures for output and employment. Construction output rose by 8% compared to the previous 12 months, with output in the third quarter rising by 2% compared to the second quarter of 2002. The private industrial sector saw new construction work 9% lower compared to the previous year but the third quarter was 9% lower than the previous quarter. For the DTI Press Release: http://www.nds.coi.gov.uk/coi/coipress.nsf/4eb388ccc4bff3e880256bf4003360fb/d5874ba10944ce4b80256c870039b77a?OpenDocument | ||
| 590 | _aWB | ||
| 650 | _aCONSTRUCTION OUTPUT | ||
| 650 | _aINDUSTRIAL SECTOR | ||
| 650 | _aREPAIR AND MAINTENANCE | ||
| 650 | _aPUBLIC HOUSING CONSTRUCTION | ||
| 650 | _aHOUSING REPAIR | ||
| 690 | _aBUILDING AND CONSTRUCTION-ECONOMICS | ||
| 942 | _n0 | ||
| 999 |
_c71730 _d71730 |
||